000 00202nam a22000977a 4500
999 _c16060
_d16060
003 OSt
008 191028b ||||| |||| 00| 0 eng d
100 _aJoseph.
_94413
245 _aThakarchakal
942 _cBK